[Event "Dubai Police op-A"]
[Site "Dubai"]
[Date "2024.05.11"]
[Round "8"]
[White "Can, Emre"]
[Black "Suyarov, Mukhammadzokhid"]
[Result "1-0"]
[WhiteElo "2549"]
[BlackElo "2431"]
[PlyCount "109"]
[EventDate "2024.05.04"]
[EventType "swiss"]
[EventRounds "9"]
[EventCountry "UAE"]
[SourceTitle "CB20_2024"]
[SourceDate "2024.05.16"]
[SourceVersion "1"]
[SourceVersionDate "2024.05.16"]
[SourceQuality "1"]

1. d4 d5 2. c4 e6 3. Nf3 Nf6 4. g3 Be7 5. Bg2 0-0 6. 0-0 dxc4 7. Qc2 a6 8. a4 Bd7 9. Qxc4 Bc6 10. Bg5 Nbd7 11. Nc3 h6 12. Bxf6 Nxf6 13. a5 Qd6 14. Rfd1 Rfd8 15. e3 Qb4 16. Qe2 Rac8 17. Ne5 Bxg2 18. Kxg2 c6 19. Nd3 Qd6 20. b4 Qb8 21. Na4 Re8 22. Nb6 Rcd8 23. Nc4 Nd5 24. Qb2 Nc7 25. Rd2 Nb5 26. Rad1 Nd6 27. Nb6 Bf8 28. Rc2 g6 29. Nc5 Bg7 30. Qb3 Nc8 31. Rcd2 Qc7 32. Nc4 Nd6 33. e4 Nxc4 34. Qxc4 Rd6 35. Na4 Red8 36. Nb6 f5 37. d5 Kh8 38. Qc2 exd5 39. exd5 Kh7 40. Re2 Qf7 41. Rde1 Bf6 42. Qc1 cxd5 43. Rc2 Qf8 44. Rc7+ Kh8 45. Rxb7 d4 46. Qc7 Qg8 47. Nc4 Qd5+ 48. Kh3 R6d7 49. Re8+ Rxe8 50. Qxd7 Qxd7 51. Rxd7 Rc8 52. Nb6 Rd8 53. Rxd8+ Bxd8 54. Kg2 Kg7 55. Nd5 1-0

[Event "Chess.com Classic Play In"]
[Site "Chess.com INT"]
[Date "2024.05.08"]
[Round "1"]
[White "Suyarov, Mukhammadzokhid"]
[Black "Dragnev, Valentin"]
[Result "1-0"]
[WhiteElo "2431"]
[BlackElo "2566"]
[PlyCount "105"]
[EventDate "2024.05.08"]
[EventType "swiss (rapid)"]
[EventRounds "9"]
[EventCountry "USA"]
[SourceTitle "CB20_2024"]
[SourceDate "2024.05.16"]
[SourceVersion "1"]
[SourceVersionDate "2024.05.16"]
[SourceQuality "1"]

1. e4 e5 2. Nf3 d6 3. Bc4 Be7 4. d4 exd4 5. Nxd4 Nf6 6. Nc3 0-0 7. 0-0 Nxe4 8. Nxe4 d5 9. Bd3 dxe4 10. Bxe4 Nd7 11. c3 Nf6 12. Bf3 c6 13. Bf4 Re8 14. h3 Nd5 15. Bg3 Bf6 16. Qb3 Bxd4 17. cxd4 Qb6 18. Qd3 Be6 19. b3 Rad8 20. Rad1 Nb4 21. Qd2 Rd7 22. Rfe1 Red8 23. Be5 h6 24. a3 Nd5 25. b4 Ne7 26. Be4 Bf5 27. Bxf5 Nxf5 28. Qf4 Ne7 29. Rd3 Ng6 30. Qg4 Nxe5 31. Rxe5 f6 32. Re8+ Rxe8 33. Qxd7 Rf8 34. Re3 Rd8 35. Qe7 Kh8 36. Re4 Rg8 37. Qd7 Qa6 38. Kh2 Qxa3 39. Qxb7 Qb2 40. Qxc6 Qxf2 41. d5 Qb6 42. b5 Rd8 43. Re6 Qd4 44. d6 Qf4+ 45. Kg1 Qd4+ 46. Kh1 Kh7 47. Qc2+ Kh8 48. Qg6 Qb6 49. Re8+ Rxe8 50. Qxe8+ Kh7 51. Qe4+ Kg8 52. d7 Qd6 53. Qe8+ 1-0

[Event "Chess.com Classic Play In"]
[Site "Chess.com INT"]
[Date "2024.05.08"]
[Round "5"]
[White "Suyarov, Mukhammadzokhid"]
[Black "Mitrabha, Guha"]
[Result "1-0"]
[WhiteElo "2431"]
[BlackElo "2542"]
[PlyCount "57"]
[EventDate "2024.05.08"]
[EventType "swiss (rapid)"]
[EventRounds "9"]
[EventCountry "USA"]
[SourceTitle "CB20_2024"]
[SourceDate "2024.05.16"]
[SourceVersion "1"]
[SourceVersionDate "2024.05.16"]
[SourceQuality "1"]

1. e4 c6 2. d4 d5 3. e5 Bf5 4. Nf3 e6 5. Be2 Ne7 6. 0-0 Ng6 7. Ne1 h5 8. Bd3 Ne7 9. Nd2 Nd7 10. Ndf3 c5 11. c3 Qb6 12. a4 a6 13. a5 Qc7 14. Bg5 Bxd3 15. Nxd3 Nf5 16. Nf4 Nb8 17. Qd3 Qd7 18. b4 cxb4 19. c4 dxc4 20. Qxc4 Ne7 21. Bxe7 Bxe7 22. d5 exd5 23. Nxd5 Bd8 24. e6 fxe6 25. Nf4 0-0 26. Nxe6 Qf7 27. Ne5 Qf6 28. Nxf8+ Kxf8 29. Qxb4+ 1-0

[Event "Chess.com Classic Play In"]
[Site "Chess.com INT"]
[Date "2024.05.08"]
[Round "7"]
[White "Suyarov, Mukhammadzokhid"]
[Black "Samadov, Read"]
[Result "1-0"]
[WhiteElo "2431"]
[BlackElo "2504"]
[PlyCount "69"]
[EventDate "2024.05.08"]
[EventType "swiss (rapid)"]
[EventRounds "9"]
[EventCountry "USA"]
[SourceTitle "CB20_2024"]
[SourceDate "2024.05.16"]
[SourceVersion "1"]
[SourceVersionDate "2024.05.16"]
[SourceQuality "1"]

1. e4 c5 2. Nf3 d6 3. d4 cxd4 4. Nxd4 Nf6 5. Nc3 a6 6. a3 g6 7. f3 Bg7 8. Be3 b5 9. h4 Bb7 10. g4 h5 11. g5 Nfd7 12. f4 e5 13. Nde2 exf4 14. Nxf4 0-0 15. Qxd6 Nc6 16. 0-0-0 Nde5 17. Qxd8 Raxd8 18. Be2 Ng4 19. Bb6 Rc8 20. Nfd5 Rfe8 21. Rhg1 Re6 22. Rxg4 Bxc3 23. bxc3 hxg4 24. Bxg4 Kh8 25. Bxe6 fxe6 26. Nf4 Ba8 27. Nxg6+ Kh7 28. h5 Nb8 29. Ba7 Bxe4 30. Bxb8 Rxb8 31. Rd7+ Kg8 32. Ne5 Rf8 33. h6 Rf2 34. Rg7+ Kf8 35. Nd7+ 1-0

[Event "Chess.com Classic Play In"]
[Site "Chess.com INT"]
[Date "2024.05.08"]
[Round "4"]
[White "Tari, Aryan"]
[Black "Suyarov, Mukhammadzokhid"]
[Result "1-0"]
[WhiteElo "2636"]
[BlackElo "2431"]
[PlyCount "39"]
[EventDate "2024.05.08"]
[EventType "swiss (rapid)"]
[EventRounds "9"]
[EventCountry "USA"]
[SourceTitle "CB20_2024"]
[SourceDate "2024.05.16"]
[SourceVersion "1"]
[SourceVersionDate "2024.05.16"]
[SourceQuality "1"]

1. e4 e6 2. d4 d5 3. Nc3 Bb4 4. e5 c5 5. Bd2 Ne7 6. a3 Bxc3 7. Bxc3 cxd4 8. Bxd4 Nbc6 9. Nf3 0-0 10. Bc3 f6 11. Bd3 Ng6 12. Bxg6 hxg6 13. Qd3 Qe8 14. 0-0-0 g5 15. g4 fxe5 16. Nxe5 Qd8 17. Ng6 Rxf2 18. Rdf1 Rf6 19. Bxf6 gxf6 20. h4 1-0

[Event "Dubai Police op-A"]
[Site "Dubai"]
[Date "2024.05.07"]
[Round "4"]
[White "Mishra, Abhimanyu"]
[Black "Suyarov, Mukhammadzokhid"]
[Result "1-0"]
[WhiteElo "2634"]
[BlackElo "2431"]
[PlyCount "123"]
[EventDate "2024.05.04"]
[EventType "swiss"]
[EventRounds "9"]
[EventCountry "UAE"]
[SourceTitle "CB20_2024"]
[SourceDate "2024.05.16"]
[SourceVersion "1"]
[SourceVersionDate "2024.05.16"]
[SourceQuality "1"]

1. d4 d5 2. Nf3 Nf6 3. c4 e6 4. g3 Be7 5. Bg2 0-0 6. Qc2 c5 7. dxc5 Qa5+ 8. Nc3 Qxc5 9. cxd5 Nxd5 10. Bd2 Nc6 11. 0-0 Rd8 12. Rac1 Nxc3 13. Bxc3 Bd7 14. Qe4 Qf5 15. Qxf5 exf5 16. Ne5 Be8 17. Nxc6 Bxc6 18. Bxc6 bxc6 19. Rc2 a5 20. a3 a4 21. Re1 Bf8 22. e4 fxe4 23. Rxe4 c5 24. g4 f6 25. Kg2 Kf7 26. Rce2 Ra6 27. h4 g6 28. Rf4 Be7 29. Ree4 Rda8 30. Kf3 Bd8 31. Ke2 Ba5 32. Kd3 Bxc3 33. Kxc3 Ra5 34. h5 R8a7 35. g5 f5 36. h6 R7a6 37. Kc2 Ra7 38. Kc3 Ra8 39. Re2 Rb8 40. Rc4 Rb6 41. Re5 Rc6 42. f4 Rc8 43. Kc2 Rc7 44. Kc1 Rc8 45. Rc2 Rb5 46. Rd2 Rb7 47. Rdd5 Rcb8 48. Rxc5 Rxb2 49. Rc7+ Kf8 50. Rxh7 R8b3 51. Rc5 Rb1+ 52. Kd2 R1b2+ 53. Rc2 Rxc2+ 54. Kxc2 Rxa3 55. Rg7 Ra2+ 56. Kb1 Rh2 57. Rxg6 a3 58. Rf6+ Kg8 59. Rxf5 Kh7 60. Rf7+ Kg8 61. Rg7+ Kh8 62. Ra7 1-0

[Event "Dubai Police op-A"]
[Site "Dubai"]
[Date "2024.05.06"]
[Round "3"]
[White "Suyarov, Mukhammadzokhid"]
[Black "Niemann, Hans Moke"]
[Result "1/2-1/2"]
[WhiteElo "2431"]
[BlackElo "2689"]
[PlyCount "120"]
[EventDate "2024.05.04"]
[EventType "swiss"]
[EventRounds "9"]
[EventCountry "UAE"]
[SourceTitle "CB20_2024"]
[SourceDate "2024.05.16"]
[SourceVersion "1"]
[SourceVersionDate "2024.05.16"]
[SourceQuality "1"]

1. e4 c5 2. Nf3 d6 3. Bb5+ Nd7 4. c4 Ngf6 5. Nc3 g6 6. 0-0 Bg7 7. h3 0-0 8. Ba4 Nb6 9. Bb3 e5 10. d3 h6 11. a4 Be6 12. a5 Nc8 13. a6 b6 14. Ne1 Ne7 15. f4 exf4 16. Bxf4 Nh5 17. Bh2 f5 18. Nf3 f4 19. d4 Bf7 20. Qd2 g5 21. Rad1 Nc6 22. Nb5 Na5 23. Qc2 Nxb3 24. Qxb3 Qe7 25. Rfe1 Rad8 26. e5 dxe5 27. dxe5 Rxd1 28. Rxd1 Ng3 29. Qd3 Be6 30. Qd6 Qxd6 31. exd6 Bd7 32. Bxg3 fxg3 33. Re1 Bf6 34. b3 Bxb5 35. cxb5 Rd8 36. Kf1 Kf7 37. Re4 Rxd6 38. Ke2 h5 39. Nd2 Bd4 40. Nc4 Rf6 41. Kd3 g4 42. h4 Rf3+ 43. gxf3 g2 44. Nd6+ Kf8 45. Re8+ Kg7 46. Re1 gxf3 47. Nf5+ Kf6 48. Ne3 f2 49. Nxg2 fxe1Q 50. Nxe1 Kf5 51. Nf3 Bf6 52. Ke3 Be7 53. Nd2 Bxh4 54. Nc4 Bd8 55. Nd6+ Ke6 56. Nc8 Kd7 57. Nxa7 Kc7 58. Kf4 h4 59. Kg4 Bf6 60. Nc6 Kc8 1/2-1/2

[Event "UZB-ch"]
[Site "Tashkent"]
[Date "2024.04.23"]
[Round "7"]
[White "Suyarov, Mukhammadzokhid"]
[Black "Rakhmatullaev, Almas"]
[Result "0-1"]
[WhiteElo "2405"]
[BlackElo "2425"]
[PlyCount "130"]
[EventDate "2024.04.20"]
[EventType "tourn (rapid)"]
[EventRounds "23"]
[EventCountry "UZB"]
[EventCategory "5"]
[SourceTitle "CB18_2024"]
[SourceDate "2024.05.01"]
[SourceVersion "1"]
[SourceVersionDate "2024.05.01"]
[SourceQuality "2"]

1. e4 e5 2. Nf3 Nc6 3. Bb5 f5 4. d3 fxe4 5. dxe4 Nf6 6. 0-0 Bc5 7. Nc3 d6 8. Qd3 0-0 9. Bxc6 bxc6 10. Nxe5 Qe8 11. Nf3 a5 12. Re1 Ba6 13. Qd1 Ng4 14. Be3 Nxe3 15. fxe3 Rb8 16. Rb1 Bb4 17. Qd2 Qg6 18. Nd4 c5 19. Nc6 Rbe8 20. a3 Bxc3 21. Qd5+ Kh8 22. bxc3 Qf6 23. e5 dxe5 24. c4 Qf2+ 25. Kh1 Bb7 26. Rg1 Ba8 27. Qxc5 Rf6 28. Nxe5 Ref8 29. h3 Qg3 30. e4 Bxe4 31. Rb3 Bxg2+ 32. Rxg2 Rf1+ 33. Rg1 Rxg1+ 34. Qxg1 Qxe5 35. Qg2 Qe1+ 36. Kh2 h6 37. Rf3 Qe5+ 38. Kh1 Qe1+ 39. Kh2 Re8 40. Rf2 Qc3 41. Qg6 Rd8 42. Re2 Qxc4 43. Re8+ Rxe8 44. Qxe8+ Kh7 45. c3 Qf4+ 46. Kg2 Qd2+ 47. Kh1 Qxc3 48. Qe4+ g6 49. Qe7+ Qg7 50. Qc5 a4 51. Qc6 Qa1+ 52. Kg2 Qb2+ 53. Kh1 Qxa3 54. Qxc7+ Kg8 55. Qc8+ Kf7 56. Qd7+ Kf6 57. Qd4+ Kf5 58. Qd5+ Kf4 59. Qf7+ Ke3 60. Qxg6 Qc1+ 61. Kg2 Qd2+ 62. Kh1 Qe1+ 63. Kg2 Qf2+ 64. Kh1 Qf1+ 65. Kh2 Qf4+ 0-1

[Event "Agzamov Memorial 17th"]
[Site "Tashkent"]
[Date "2024.04.02"]
[Round "9"]
[White "Zvjaginsev, Vadim"]
[Black "Suyarov, Mukhammadzokhid"]
[Result "1/2-1/2"]
[WhiteElo "2574"]
[BlackElo "2407"]
[PlyCount "102"]
[EventDate "2024.03.27"]
[EventType "swiss"]
[EventRounds "10"]
[EventCountry "UZB"]
[SourceTitle "CB14_2024"]
[SourceDate "2024.04.01"]
[SourceVersion "1"]
[SourceVersionDate "2024.04.01"]
[SourceQuality "1"]

1. e4 e5 2. Nf3 Nf6 3. d4 Nxe4 4. Bd3 Nc6 5. Nxe5 Nxe5 6. Bxe4 d5 7. dxe5 dxe4 8. Qxd8+ Kxd8 9. Nc3 Bb4 10. Bg5+ Ke8 11. 0-0-0 Bg4 12. Rd4 Bxc3 13. bxc3 h6 14. Be3 Bf5 15. Rg1 Rd8 16. Ra4 a6 17. g4 Bg6 18. h4 Kd7 19. h5 Bh7 20. Rc4 Rc8 21. Rd1+ Ke7 22. Rcd4 Rhd8 23. Rxd8 Rxd8 24. Bc5+ Ke8 25. Rxd8+ Kxd8 26. Bf8 g6 27. Bxh6 gxh5 28. gxh5 Kd7 29. Kd2 Ke6 30. Bg7 Kf5 31. Ke3 Kg4 32. h6 b5 33. c4 bxc4 34. c3 Bg6 35. Bf8 Bh7 36. a4 Bg6 37. a5 Bh7 38. Bd6 Kg5 39. Bxc7 Kxh6 40. Kd4 Bf5 41. Kxc4 Kg7 42. Kc5 Kf8 43. Kb6 e3 44. fxe3 Bd3 45. Bd8 Ke8 46. Kc7 Bf1 47. Bh4 Be2 48. Kc6 Bf1 49. Kd6 Bc4 50. Bg5 Ba2 51. Kc5 Kd7 1/2-1/2

[Event "Titled Tuesday intern op 12th Mar Early"]
[Site "Chess.com INT"]
[Date "2024.03.12"]
[Round "9"]
[White "Paravyan, David"]
[Black "Suyarov, Mukhammadzokhid"]
[Result "1-0"]
[WhiteElo "2612"]
[BlackElo "2407"]
[PlyCount "81"]
[EventDate "2024.03.12"]
[EventType "swiss (blitz)"]
[EventRounds "11"]
[EventCountry "USA"]
[SourceTitle "CB12_2024"]
[SourceDate "2023.10.01"]
[SourceVersion "1"]
[SourceVersionDate "2023.10.01"]
[SourceQuality "1"]

1. e4 e5 2. Nf3 Nf6 3. Nxe5 d6 4. Nf3 Nxe4 5. d4 d5 6. Bd3 Bd6 7. 0-0 0-0 8. c4 c6 9. Re1 Bf5 10. cxd5 cxd5 11. Nc3 Nxc3 12. bxc3 Bxd3 13. Qxd3 Qd7 14. Ng5 g6 15. Rb1 b6 16. Qh3 Qxh3 17. Nxh3 Nd7 18. Rb5 Rfe8 19. Rxe8+ Rxe8 20. Kf1 Nf6 21. g3 Bc7 22. Bf4 a6 23. Rb4 Rc8 24. Bxc7 Rxc7 25. Rxb6 Ne4 26. Rxa6 Rxc3 27. Ra5 g5 28. Rxd5 g4 29. Ng5 Nf6 30. Re5 Rc1+ 31. Kg2 h6 32. Ne4 Nd7 33. Rd5 Nb6 34. Rc5 Rd1 35. Nf6+ Kg7 36. Nxg4 Rxd4 37. Ne3 Rd2 38. Rc6 Nd7 39. Nf5+ Kh7 40. Rxh6+ Kg8 41. Rd6 1-0

[Event "Moscow Aeroflot op-A"]
[Site "Moscow"]
[Date "2024.03.06"]
[Round "8"]
[White "Suyarov, Mukhammadzokhid"]
[Black "Danielyan, Vahe"]
[Result "1-0"]
[WhiteElo "2407"]
[BlackElo "2335"]
[PlyCount "57"]
[EventDate "2024.03.03"]
[EventType "swiss"]
[EventRounds "9"]
[EventCountry "RUS"]
[SourceTitle "CB11_2024"]
[SourceDate "2024.03.13"]
[SourceVersion "1"]
[SourceVersionDate "2024.03.13"]
[SourceQuality "1"]

1. d4 Nf6 2. Nc3 d5 3. Bf4 a6 4. e3 b5 5. h4 e6 6. g4 Bd6 7. g5 Ne4 8. Nxe4 dxe4 9. Bg2 Bb7 10. Nh3 Nd7 11. Qg4 Qe7 12. Bxd6 cxd6 13. Nf4 0-0 14. h5 e5 15. Ne2 Rac8 16. c3 exd4 17. cxd4 Rc2 18. Ng3 f5 19. Nxf5 Qf7 20. Bh3 Qc4 21. Ne7+ Kh8 22. Ng6+ hxg6 23. hxg6 Qb4+ 24. Kf1 Rfxf2+ 25. Kg1 Bd5 26. Qxd7 Rh2 27. Rxh2 Rxh2 28. Kxh2 Qxb2+ 29. Bg2 1-0

[Event "Titled Tuesday intern op 13th Feb Early"]
[Site "Chess.com INT"]
[Date "2024.02.13"]
[Round "11"]
[White "Deac, Bogdan Daniel"]
[Black "Suyarov, Mukhammadzokhid"]
[Result "1-0"]
[WhiteElo "2690"]
[BlackElo "2407"]
[PlyCount "111"]
[EventDate "2024.02.13"]
[EventType "swiss (blitz)"]
[EventRounds "11"]
[EventCountry "USA"]
[SourceTitle "CB08_2024"]
[SourceDate "2024.02.21"]
[SourceVersion "1"]
[SourceVersionDate "2024.02.21"]
[SourceQuality "1"]

1. b3 e5 2. Bb2 Nc6 3. Nf3 e4 4. Nd4 Nxd4 5. Bxd4 d5 6. e3 h5 7. Bb2 h4 8. c4 Nf6 9. Qc2 c6 10. cxd5 cxd5 11. Nc3 Bb4 12. Bb5+ Kf8 13. a3 Bd6 14. h3 Bf5 15. Be2 Rc8 16. b4 a5 17. Qb3 axb4 18. axb4 Be5 19. Nb5 Bxb2 20. Qxb2 Qb6 21. 0-0 Bd7 22. Qd4 Qxd4 23. Nxd4 Ke7 24. Ra7 Rc7 25. b5 Rb8 26. Rb1 Ne8 27. b6 Rc5 28. Nb3 Rc2 29. Bd1 Rcc8 30. Na5 Nd6 31. Bb3 Be6 32. Bd1 g5 33. f3 f5 34. Kf2 f4 35. fxe4 dxe4 36. Bb3 Bxb3 37. Nxb3 Rc2 38. Kg1 Nc4 39. Nd4 Rxd2 40. Nc6+ Kf6 41. Nxb8 fxe3 42. Rxb7 e2 43. Re1 e3 44. Rd7 Ne5 45. b7 Kg6 46. Rc7 Rd1 47. Rc1 Rxc1 48. Rxc1 Nd3 49. Rb1 e1Q+ 50. Rxe1 Nxe1 51. Kf1 Nd3 52. Nc6 Nf4 53. b8Q e2+ 54. Ke1 Nxg2+ 55. Kxe2 Nf4+ 56. Kf3 1-0

[Event "Titled Tuesday intern op 13th Feb Early"]
[Site "Chess.com INT"]
[Date "2024.02.13"]
[Round "10"]
[White "Maltsevskaya, Aleksandra"]
[Black "Suyarov, Mukhammadzokhid"]
[Result "0-1"]
[WhiteElo "2374"]
[BlackElo "2407"]
[PlyCount "79"]
[EventDate "2024.02.13"]
[EventType "swiss (blitz)"]
[EventRounds "11"]
[EventCountry "USA"]
[SourceTitle "CB08_2024"]
[SourceDate "2024.02.21"]
[SourceVersion "1"]
[SourceVersionDate "2024.02.21"]
[SourceQuality "1"]

1. Nf3 Nf6 2. g3 d5 3. Bg2 Bg4 4. 0-0 Nbd7 5. d3 e5 6. Nbd2 Bd6 7. e4 dxe4 8. dxe4 0-0 9. h3 Bh5 10. Qe2 c6 11. Nc4 Qc7 12. Rd1 Bc5 13. g4 Bg6 14. Nh4 b5 15. Nd2 a5 16. Nf1 Rfd8 17. Ng3 Nf8 18. g5 N6d7 19. Nhf5 Ne6 20. h4 Nf4 21. Qg4 Qb6 22. Bxf4 Bxf2+ 23. Kh2 exf4 24. Qxf4 Bxg3+ 25. Kxg3 Qc5 26. c3 Ne5 27. Kh2 Bh5 28. Rxd8+ Rxd8 29. Rf1 Rd3 30. Ng3 g6 31. b4 Qxc3 32. bxa5 Ng4+ 33. Kh3 Ne5 34. a6 Rd2 35. a7 Rxa2 36. Rc1 Qd4 37. Nxh5 gxh5 38. g6 hxg6 39. Kh2 Rxa7 40. Rd1 0-1